Vzdelávanie spotrebiteľov - návrh kampane pre vybranú skupinu populácie diplomová práca

Saved in:
Bibliographic Details
Main Author: Kopšová, Zuzana
Corporate Author: Obchodná fakulta EU. Katedra marketingu
Other Authors: Knošková, Ľubica, 1965-
Format: Book
Language:Slovak
Published: Bratislava 2022
Tags: Add Tag
No Tags, Be the first to tag this record!

MARC

LEADER 00000nbm a2200000 4500
001 0284335
005 20230109130711.6
041 0 |a slo 
044 |a SK 
245 1 0 |a Vzdelávanie spotrebiteľov - návrh kampane pre vybranú skupinu populácie  |b diplomová práca  |c Zuzana Kopšová ; školiteľ: Ľubica Knošková 
264 1 |a Bratislava  |c 2022 
300 |a 74 s. 
100 1 |a Kopšová, Zuzana 
700 1 |a Knošková, Ľubica, 1965- 
710 2 |a Obchodná fakulta EU. Katedra marketingu